00456 2200169 4500245006500000020002200065250001200087100001800099700001900117650004300136005001900179260004200198041001400240084000800254300001500262336000900277 aThe Lightning Thief b : Pencuri PetircRiordan, RickhText a978-602-385-193-5 aCet. 15 aRiordan, Rick aFemmy Syahrini aFiksi Inggris (dalam Bahasa Indonesia) a20230220144405 aJakartabPenerbit Mizan Fantasic2016 aIndonesia a813 a437 hlm. : atext